000 00242nam a2200097Ia 4500
001 1159560
005 20250827011322.0
008 250824s9999 xx 000 0 und d
245 0 _aİPEK SABAHLIK
_cOSMAN BALCIGİL
260 _bDESTEK YAYINLARI
999 _c1159560
_d1159560